000 00920nam a2200349 a 4500
003 AR-BaBNM
005 20251128205105.0
008 082120s2002 ||||||||||||||000 | spa||
020 _a84-264-1237-8
040 _cAR-BaBNM
100 1 _aEco, Umberto
245 0 0 _aEl superhombre de masas
_bretórica e ideología en la novela popular
250 _a1ª ed.
260 _aBarcelona
_bLumen
_c1995
300 _a192 p.
490 0 _aPalabra en el tiempo
_vv. 237
600 1 4 _aSue, Eugenio
600 1 4 _aNatoli, Luigi
600 1 4 _aSegre, Dino
600 1 4 _aFleming, Ian
650 4 _aTEORIA LITERARIA
650 4 _aCRITICA LITERARIA
650 4 _aANALISIS LITERARIO
650 4 _aLITERATURA POPULAR
650 4 _aNOVELAS
650 4 _aSEMIOLOGIA
655 _aLITERATURA
700 1 _aLozoya, Teófilo de
_etraductor
800 1 _aVilanova, Antonio
_edirector
942 _cBK
998 _cMARTIN
999 _c9950
_d9950